| 000 | 00800nam a2200217 a 4500 | ||
|---|---|---|---|
| 001 | 000035383 | ||
| 005 | 20200930074312.0 | ||
| 008 | 111031s1994 ve 000 0 spa d | ||
| 020 | _a9800723374 | ||
| 040 |
_aDO-SdBNP _bspa _cBNPHU |
||
| 082 |
_axxxx _bR696c |
||
| 100 | 1 |
_aRodríguez Ferrara, Mauricio _961199 |
|
| 245 | 1 | 3 |
_aEl contrato de opción. / _cMauricio Rodríguez Ferrara ; prólogo José Agustín Catalá, hijo. |
| 260 |
_aCaracas : _bLivrosca, _c1994. |
||
| 300 |
_a97 p. ; _c16 cm. |
||
| 490 | 1 |
_aColección de monografías de jurídicas _v1 |
|
| 504 | _aBibliografía : p.93-97 | ||
| 590 | _aPerteneció a la biblioteca personal de Juan Isidro Jimenes Grullón. | ||
| 700 | 1 |
_aCatalá, José Agustín, _epról. _916781 |
|
| 830 | 0 |
_aColección de monografías de jurídicas _v1 _961200 |
|
| 999 |
_c34874 _d34874 |
||